[Event "COL-ch sf"]
[Site "Santa Rosa"]
[Date "2021.08.14"]
[Round "6"]
[White "Toro Ortega, Jhefferson"]
[Black "Hincapie Lopez, Santiago"]
[Result "0-1"]
[WhiteElo "1363"]
[BlackElo "1566"]
[PlyCount "62"]
[EventDate "2021.08.11"]
[EventType "swiss"]
[EventRounds "11"]
[EventCountry "COL"]
[SourceTitle "CBM 204 Extra"]
[Source "ChessBase"]
[SourceDate "2021.11.30"]
[SourceVersion "1"]
[SourceVersionDate "2021.11.30"]
[SourceQuality "1"]

1. d4 d5 2. c4 c6 3. cxd5 cxd5 4. Nc3 Nc6 5. Bf4 Bf5 6. e3 e6 7. Qb3 Qb6 8. Qxb6 axb6 9. a3 Nf6 10. Nb5 Bb4+ 11. Kd1 0-0 12. Bc7 Ba5 13. Rc1 Ne4 14. Ke2 Na7 15. Nxa7 Rxa7 16. f3 Nd2 17. b4 Bxb4 18. axb4 Ra2 19. Ke1 Nxf1 20. Kxf1 Bd3+ 21. Ke1 Rb2 22. Rd1 Bc4 23. Bxb6 Ra8 24. h4 Raa2 25. h5 Rxg2 26. Rc1 h6 27. e4 Raf2 28. Nh3 Re2+ 29. Kd1 Bb3+ 30. Rc2 Rxc2 31. Nf4 Ra2+ 0-1

[Event "COL-ch sf"]
[Site "Santa Rosa"]
[Date "2021.08.13"]
[Round "4"]
[White "Hincapie Lopez, Santiago"]
[Black "Ospina Betancur, Santiago"]
[Result "0-1"]
[WhiteElo "1566"]
[BlackElo "1280"]
[PlyCount "160"]
[EventDate "2021.08.11"]
[EventType "swiss"]
[EventRounds "11"]
[EventCountry "COL"]
[SourceTitle "CBM 204 Extra"]
[Source "ChessBase"]
[SourceDate "2021.11.30"]
[SourceVersion "1"]
[SourceVersionDate "2021.11.30"]
[SourceQuality "1"]

1. e4 c5 2. Nf3 Nc6 3. Bb5 d6 4. d4 cxd4 5. Nxd4 Bd7 6. 0-0 Nf6 7. Nc3 e5 8. Nxc6 bxc6 9. Ba4 Be7 10. Bg5 Rc8 11. Qd3 Qc7 12. Rad1 Nh5 13. f4 Bxg5 14. fxg5 Ke7 15. g3 Bg4 16. Rd2 f6 17. Qe3 Qb6 18. Qxb6 axb6 19. gxf6+ Nxf6 20. Bb3 Rhf8 21. Kg2 b5 22. a3 Rb8 23. h3 Bh5 24. g4 Bg6 25. Re1 b4 26. axb4 Rxb4 27. Rde2 Nd7 28. Ra1 Rf4 29. Rd1 Nc5 30. Ra1 Nxb3 31. Ra7+ Kf6 32. cxb3 Bxe4+ 33. Nxe4+ Rbxe4 34. Rc2 c5 35. Ra6 Ke7 36. Ra7+ Kf8 37. Rb7 Rf7 38. Rf2 Rxf2+ 39. Kxf2 Rf4+ 40. Ke3 Rf7 41. Rb8+ Ke7 42. Rb7+ Ke6 43. Rb8 h6 44. b4 c4 45. b5 Kd5 46. b6 Kc6 47. Rc8+ Kxb6 48. Rxc4 Kb5 49. Rc8 d5 50. Rb8+ Kc6 51. Rc8+ Rc7 52. Re8 Kd6 53. Ra8 Rb7 54. Rd8+ Ke6 55. Re8+ Kf6 56. Rf8+ Ke7 57. Rf5 Rb3+ 58. Kf2 Rxb2+ 59. Kg3 Re2 60. Kh4 g6 61. Rf1 Re3 62. Ra1 g5+ 63. Kh5 Rxh3+ 64. Kg6 Kd6 65. Ra6+ Kc5 66. Ra5+ Kc4 67. Ra4+ Kb5 68. Ra8 d4 69. Rb8+ Kc4 70. Kf5 Re3 71. Rc8+ Kd3 72. Ra8 e4 73. Ra3+ Ke2 74. Ra2+ Kf3 75. Ra1 d3 76. Rf1+ Kg2 77. Rd1 Re2 78. Kg6 d2 79. Kxh6 e3 80. Kxg5 Re1 0-1